| 000 | 00000nam##2200000za#4500 |
| 001 | 9.695898 |
| 003 | CaOODSP |
| 005 | 20210624234804 |
| 007 | cr ||||||||||| |
| 008 | 150407|2000||||xxc|||||o f|0| 0 eng|d |
| 040 | |aCaOODSP|beng |
| 043 | |an-cn--- |
| 086 | 1 |aSC94-76/2000E-PDF |
| 110 | 1 |aCanada.|bCanadian Centre for Management Development. |
| 245 | 10|aImplementing the social union framework agreement : |h[electronic resource]|ba learning and reference tool / |c[by] John McLean and Geoff Dinsdale. |
| 246 | 3 |aCCMD roundtable on the implementation of the social union framework agreement |
| 260 | |aOttawa - Ontario : |bCanadian Centre for Management Development |c2000. |
| 300 | |a61p.|bfigs., glossary, references |
| 500 | |aThe catalogue number (SC94-76/2000) and ISBN (0-662-65410-2) for the bilingual print edition have been incorrectly copied in this electronic publication. |
| 520 | 3 |aThis publication is designed to help public servants advance the spirit and intent of the Social Union Framework Agreement (SUFA)—an agreement between the federal government, nine provinces and two territories to improve Canada’s social policies and programs. It describes the context that led to the signing of SUFA; the SUFA and its guiding principles; how SUFA relates to the work of public servants, particularly those who deal with social policies and programs; recent developments; and additional resources. It was published by the Canadian Centre for Management Development in 2000. |
| 590 | |a12-16-Supp|b2012-04-17 |
| 690 | 07|aDomestic trade|2gcpds |
| 690 | 07|aFederal provincial agreements|2gcpds |
| 690 | 07|aFederal territorial agreements|2gcpds |
| 690 | 07|aSocial policy|2gcpds |
| 720 | 1 |aMcLean, John |
| 720 | 1 |aDinsdale, Geoff |
| 775 | 08|tLa mise en oeuvre de l'entente-cadre sur l'union sociale : |w(CaOODSP)9.640019 |
| 776 | 0#|tImplementing the Social Union Framework Agreement : |w(CaOODSP)9.662399 |
| 776 | 0#|tLa mise en oeuvre de l'Entente-cadre sur l'union sociale : |w(CaOODSP)9.662400 |
| 856 | 40|ahttp://publications.gc.ca|qPDF|s783 KB|uhttps://publications.gc.ca/collections/Collection/SC94-76-2000E.pdf |